Digitalizácia vybraných priestorov Stavebnej fakulty STU v Bratislave

Na minha lista:
Detalhes bibliográficos
Autor principal: Szilva, Daniel (Author)
Outros Autores: Honti, Richard (Thesis advisor)
Formato: Manuscrito Livro
Idioma:eslovaco
Publicado em: 2024
Assuntos:
Acesso em linha:http://is.stuba.sk/zp/portal_zp.pl?podrobnosti=162346
Tags: Adicionar Tag
Sem tags, seja o primeiro a adicionar uma tag!

MARC

LEADER 00000ntm a22000003a 4500
001 stuzp93868
003 SK-STU
005 20240629210742.9
007 ta
008 150427s2015----xo-----f-mn---000-0-slo-d
040 |a STU  |b slo 
041 0 |a slo 
100 1 |a Szilva, Daniel  |u 010140  |4 aut  |U SvF Stavebná fakulta  |T SvF Katedra geodézie  |X 110515  |U V140  |Y 14  |7 110515 
242 0 1 |a Digitalization of the selected parts of the Faculty of Civil Engineering of the STU in Bratislava  |y eng 
245 1 0 |a Digitalizácia vybraných priestorov Stavebnej fakulty STU v Bratislave 
260 |c 2024 
650 4 |a mračno bodov  |2 slo 
650 4 |a výkresová dokumentácia skutočného stavu  |2 slo 
650 4 |a terestrické laserové skenovanie  |2 slo 
650 4 |a terrestrial laser scanning  |2 eng 
650 4 |a point cloud  |2 eng 
650 4 |a documentation drawing of the actual condition  |2 eng 
700 1 |a Honti, Richard  |u 010140  |k Z1  |4 ths  |U SvF Stavebná fakulta  |T SvF Katedra geodézie  |X 54570  |U V140  |Y 14  |7 54570 
856 4 |u http://is.stuba.sk/zp/portal_zp.pl?podrobnosti=162346